Ajuste y concertación: un repaso de lo actuado /

Analiza las políticas de estabilización económica puestas en práctica por el gobierno sandinista en Nicaragua en el año de 1989, cuando el clima de guerra de agresión por parte de los Estados Unidos hacia ese país había disminuido. Las medidas puestas en práctica fueron: 1. contener la inflación a t...

Disgrifiad llawn

Wedi'i Gadw mewn:
Manylion Llyfryddiaeth
Prif Awdur: Solís Borge, Fernando
Fformat: Texto
Pynciau:
Tagiau: Ychwanegu Tag
Dim Tagiau, Byddwch y cyntaf i dagio'r cofnod hwn!

MARC

LEADER 00000 a a2200000 04500
001 1802
003
040
100 |a Solís Borge, Fernando  
245 |a Ajuste y concertación:   |b un repaso de lo actuado /  |c Fernando Solís Borge 
520 |a Analiza las políticas de estabilización económica puestas en práctica por el gobierno sandinista en Nicaragua en el año de 1989, cuando el clima de guerra de agresión por parte de los Estados Unidos hacia ese país había disminuido. Las medidas puestas en práctica fueron: 1. contener la inflación a través de una política antiinflacionaria que implicó promover el autofinanciamiento de los bancos, promover el autofinanciamiento de las empresas de servicio público (reajuste periódico de tarifas, agua, luz, teléfono, pasaje de bus). Frenar la inflación implicó grandes costos sociales: 1.desempleo, reducción de subsidios, postergación de inversiones, encarecimiento del crédito bancario. 2.política de devaluaciones sistemáticas, buscan eliminar la diferencia entre el tipo de cambio oficial y el paralelo. Favorecer las exportaciones y encarecer las importaciones. 3.impulso de un proceso de concertación para unir voluntades de empresarios, trabajadores y gobierno con el objetivo de apoyar la estabilización. Se concluye que el gobierno debe de pasar de una política antiinflacionaria a una de estabilización y ello implica el cese de la política devaluacionista y el congelamiento en los precios, para que las políticas de ajuste no recaigan solo en las clases trabajadoras (deterioro de su nivel de ingreso), que hagan peligrar la concertación social. AR/JM  
650 |a POLITICA ECONOMICA  
650 |a POLITICA MONETARIA  
650 |a DEVALUACION  
650 |a COSTOS SOCIALES  
773 |g número 1; páginas 3-6  
999 |c 30168  |d 30168 
773 0 |0 43472  |9 4999  |a Centro de Investigación de la Realidad de América Latina  |d Managua, Nicaragua: Centro de Investigación de la Realidad de América Latina  |o MFN: 1386  |t Aquí y ahora: